000
00210 a2200097 4500
001
45231
100
_a
Kermode A.C
245
_a
Mechanics of flight
260
_a
London
_b
Pitman
_c
1972
090
_c
28420
_d
28420
942
_a
NUST-CAE
_c
M
_c
20470
999
_c
280304
_d
280304